| 000 | 00552nam a22002057a 4500 | ||
|---|---|---|---|
| 003 | OSt | ||
| 005 | 20220107122818.0 | ||
| 008 | 160714b xxu||||| |||| 00| 0 eng d | ||
| 020 | _a9788131517895 | ||
| 040 | _cIIITMK | ||
| 082 | _a004.65 DAV/C | ||
| 100 |
_aDave, Mayank _910155 |
||
| 245 |
_aComputer networks _cMayank Dave |
||
| 260 |
_aNew Delhi, _bCengage Learning India, _c2012. |
||
| 300 | _ax, 158p. | ||
| 500 | _aGifted by Dr. Rajasree M S | ||
| 650 |
_aCOMPUTER SCIENCE _910156 |
||
| 650 |
_aCOMPUTER NETWORKING _910157 |
||
| 942 |
_2ddc _cBK |
||
| 999 |
_c5295 _d5295 |
||